书目信息 |
| 题名: |
潜心笃志
|
|
| 作者: | 赵东 , 秦树睿 著 | |
| 分册: | ||
| 出版信息: | 上海 同济大学出版社 2020.10 |
|
| 页数: | 222页 | |
| 开本: | 23cm | |
| 丛书名: | 《中国轨道交通AFC行业里的追梦者》丛书 | |
| 单 册: | ||
| 中图分类: | U293.22 , U293 | |
| 科图分类: | ||
| 主题词: | 城市铁路--cheng shi tie lu--轨道交通--售票--铁路自动化系统--概况--中国 | |
| 电子资源: | ||
| ISBN: | 978-7-5608-9461-4 | |
| 000 | 01124nam 2200277 450 | |
| 001 | 23547225 | |
| 005 | 20231127000921.96 | |
| 010 | @a978-7-5608-9461-4@dCNY78.00 | |
| 100 | @a20201223d2020 em y0chiy50 ea | |
| 101 | 0 | @achi |
| 102 | @aCN@b310000 | |
| 105 | @aa z 000yy | |
| 200 | 1 | @a潜心笃志@Aqian xin du zhi@e中软AFC发展历程@f赵东, 秦树睿著 |
| 210 | @a上海@c同济大学出版社@d2020.10 | |
| 215 | @a222页@c图@d23cm | |
| 225 | 2 | @a《中国轨道交通AFC行业里的追梦者》丛书@A《 zhong guo gui dao jiao tong AFChang ye li de zhui meng zhe 》 cong shu |
| 330 | @a本书是关于中软AFC创新发展的传记, 也是一份侧面反映中国AFC企业通过自身努力掌握核心技术、实现AFC国产化的实录。内容包括: 初创: 机遇与挑战 ; 立足与突破: 战略思维的创新等。 | |
| 410 | 0 | @12001 @a《中国轨道交通AFC行业里的追梦者》丛书 |
| 517 | 1 | @a中软AFC发展历程@Azhong ruan AFC fa zhan li cheng |
| 606 | 0 | @a城市铁路@Acheng shi tie lu@x轨道交通@x售票@x铁路自动化系统@x概况@y中国 |
| 690 | @aU293.22@v5 | |
| 690 | @aU293@v4 | |
| 701 | 0 | @a赵东@Azhao dong@4著 |
| 701 | 0 | @a秦树睿@Aqin shu rui@4著 |
| 801 | 0 | @aCN@b人天书店@c20201223 |
| 905 | @aBZT@dU293@e6 | |
| 潜心笃志:中软AFC发展历程/赵东, 秦树睿著.-上海:同济大学出版社,2020.10 |
| 222页:图;23cm.-(《中国轨道交通AFC行业里的追梦者》丛书) |
| ISBN 978-7-5608-9461-4:CNY78.00 |
| 本书是关于中软AFC创新发展的传记, 也是一份侧面反映中国AFC企业通过自身努力掌握核心技术、实现AFC国产化的实录。内容包括: 初创: 机遇与挑战 ; 立足与突破: 战略思维的创新等。 |
| ● |
| 相关链接 |
|
|
|
正题名:潜心笃志
索取号:U293/6
 
预约/预借
| 序号 | 登录号 | 条形码 | 馆藏地/架位号 | 状态 | 备注 |
| 1 | 2001125748 | 2001125748 | 东辅楼二楼书库/ [索取号:U293/6] | 在馆 | |
| 2 | 2001125749 | 2001125749 | 东辅楼二楼书库/ [索取号:U293/6] | 在馆 | |
| 3 | 2001125750 | 2001125750 | 东辅楼二楼书库/ [索取号:U293/6] | 在馆 | |
| 4 | 2001125751 | 2001125751 | 东辅楼二楼书库/ [索取号:U293/6] | 在馆 | |
| 5 | 2001125752 | 2001125752 | 东辅楼二楼书库/ [索取号:U293/6] | 在馆 | |
| 6 | 2001125753 | 2001125753 | 东辅楼二楼书库/ [索取号:U293/6] | 在馆 | |
| 7 | 2001125754 | 2001125754 | 东辅楼二楼书库/ [索取号:U293/6] | 在馆 | |
| 8 | 2001125755 | 2001125755 | 东辅楼二楼书库/ [索取号:U293/6] | 在馆 | |
| 9 | 2001125756 | 2001125756 | 东辅楼二楼书库/ [索取号:U293/6] | 在馆 | |
| 10 | 2001125757 | 2001125757 | 东辅楼二楼书库/ [索取号:U293/6] | 在馆 | |
| 11 | 2001125758 | 2001125758 | 东辅楼二楼书库/ [索取号:U293/6] | 在馆 | |
| 12 | 2001125759 | 2001125759 | 东辅楼二楼书库/ [索取号:U293/6] | 在馆 | |
| 13 | 2001125760 | 2001125760 | 东辅楼二楼书库/ [索取号:U293/6] | 在馆 | |
| 14 | 2001125761 | 2001125761 | 东辅楼二楼书库/ [索取号:U293/6] | 在馆 | |
| 15 | 2001125762 | 2001125762 | 东辅楼二楼书库/ [索取号:U293/6] | 在馆 | |
| 16 | 2001125763 | 2001125763 | 东辅楼二楼书库/ [索取号:U293/6] | 在馆 | |
| 17 | 2001125764 | 2001125764 | 东辅楼二楼书库/ [索取号:U293/6] | 在馆 | |
| 18 | 2001125765 | 2001125765 | 东辅楼二楼书库/ [索取号:U293/6] | 在馆 | |
| 19 | 2001125766 | 2001125766 | 东辅楼二楼书库/ [索取号:U293/6] | 在馆 | |
| 20 | 2001125767 | 2001125767 | 东辅楼二楼书库/ [索取号:U293/6] | 在馆 | |
| 21 | 2001125768 | 2001125768 | 东辅楼二楼书库/ [索取号:U293/6] | 在馆 | |
| 22 | 2001125769 | 2001125769 | 东辅楼二楼书库/ [索取号:U293/6] | 在馆 | |
| 23 | 2001125770 | 2001125770 | 东辅楼二楼书库/ [索取号:U293/6] | 在馆 | |
| 24 | 2001125771 | 2001125771 | 东辅楼二楼书库/ [索取号:U293/6] | 在馆 | |
| 25 | 2001125772 | 2001125772 | 东辅楼二楼书库/ [索取号:U293/6] | 在馆 | |
| 26 | 2001125773 | 2001125773 | 东辅楼二楼书库/ [索取号:U293/6] | 在馆 | |
| 27 | 2001125774 | 2001125774 | 东辅楼二楼书库/ [索取号:U293/6] | 在馆 | |
| 28 | 2001125775 | 2001125775 | 东辅楼二楼书库/ [索取号:U293/6] | 在馆 | |
| 29 | 2001125776 | 2001125776 | 东辅楼二楼书库/ [索取号:U293/6] | 在馆 | |
| 30 | 2001125777 | 2001125777 | 东辅楼二楼书库/ [索取号:U293/6] | 在馆 |